00924nam a2200217 a 450000100100000000500170001000800410002704000250006810000300009324501870012326000500031030000190036050000290037950400480040865000130045665000440046965000360051365000330054995201070058299900170068900003674320251112100403.0120127s1941 ag 000 0 spa d aDO-SdBNPbspacBNPHU1 aAntokoletz, Daniel96306710aTratado de legislación del trabajo y previsión social :bcon referencias especiales al derecho argentino y de las demás repúblicas americanas /cpor el Dr. Daniel Antokoletz. aBuenos Aires :bGuillermo Kraft Ltda.,c1941. a2 v. ;c23 cm. aBiblioteca tiene tomo II aBibliografía al final de cada capítulo.20a 96306824aLegislación laboralzArgentina96306924aSeguro socialzArgentina96307024aLeyes y legislación963071 001050718MOaGRbGRcCTd2012-01-27iLF1l0ov.2p36743-10r2020-06-25w2020-06-25y1ZNo se presta c36234d36234